| 000 | 02156cam a22003738i 4500 | ||
|---|---|---|---|
| 001 | 20698020 | ||
| 005 | 20230322162355.0 | ||
| 008 | 181005s2019 vau b 001 0 eng | ||
| 010 | _a 2018047312 | ||
| 020 | _a9781624105173 (hardcover) | ||
| 040 |
_aDLC _beng _erda _cDLC |
||
| 042 | _apcc | ||
| 050 | 0 | 0 |
_aTL709.5.T87 _bM38 2018 |
| 082 | 0 | 0 |
_a629.1343 _223 _bMAT |
| 100 | 1 |
_aMattingly, Jack D., _eauthor. _960954 |
|
| 245 | 1 | 0 |
_aAircraft engine design / _cJack D. Mattingly, Keith M. Boyer, Brenda A. Haven, William H. Heiser, David T. Pratt. |
| 263 | _a1901 | ||
| 264 | 1 |
_aReston, Virginia : _bAmerican Institute of Aeronautics and Astronautics, Inc., _c[2018] |
|
| 300 | _apages cm. | ||
| 336 |
_atext _btxt _2rdacontent |
||
| 337 |
_aunmediated _bn _2rdamedia |
||
| 338 |
_avolume _bnc _2rdacarrier |
||
| 490 | 0 | _aAIAA education series | |
| 504 | _aIncludes bibliographical references and index. | ||
| 520 |
_a"Aircraft Engine Design, Third Edition presents a complete and realistic aircraft engine design experience. From the request for proposal for a new aircraft to the final engine layout, it outlines the concepts and procedures required for the entire process. The writing of the third edition of Aircraft Engine Design began as soon as the second edition was published in 2003. The ensuing 15 years of evolutionary changes have created an improved, new work. The special contributions of uniquely quali?ed experts continue to provide valuable material to this new edition. These include Appendix L on Turbine Engine Life Management by Dr. William D. Cowie and Appendix M on Engine Controls by Charles A. Skira (with Timothy J. Lewis and Zane D. Gastineau) with update by Dr. Link Jaw"-- _cProvided by publisher. |
||
| 650 | 0 |
_aAircraft gas-turbines _xDesign and construction. _9111156 |
|
| 700 | 1 |
_aBoyer, Keith M., _eauthor. _9111157 |
|
| 700 | 1 |
_aHaven, Brenda A., _eauthor. _9111158 |
|
| 700 | 1 |
_aHeiser, William H., _eauthor. _9111159 |
|
| 700 | 1 |
_aPratt, David T., _eauthor. _9111160 |
|
| 906 |
_a7 _bcbc _corignew _d1 _eecip _f20 _gy-gencatlg |
||
| 942 |
_2ddc _cBK |
||
| 999 |
_c594131 _d594131 |
||